[Event "IECC TH-M-3561"]
[Site "IECC email"]
[Date "2020.09.25"]
[Round "?"]
[White "Cruz, Eliecer"]
[Black "Pisani, Carlos Alejandro"]
[Result "1/2-1/2"]
[WhiteElo "2066"]
[BlackElo "2173"]
[PlyCount "58"]
[EventDate "2020.??.??"]
[EventType "tourn (corr)"]
[SourceTitle "Corr 2024"]
[Source "ChessBase"]
[SourceDate "2023.10.19"]
[SourceVersion "1"]
[SourceVersionDate "2023.10.19"]
[SourceQuality "1"]
[WhiteTeam "Kuba"]
[BlackTeam "Argentinien"]
[WhiteTeamCountry "CUB"]
[BlackTeamCountry "ARG"]

1. e4 e5 2. Nf3 Nc6 3. Bb5 g6 4. c3 Bg7 5. d4 exd4 6. cxd4 a6 7. Bxc6 dxc6 8. Bf4 Nf6 9. 0-0 0-0 10. Re1 Re8 11. Nbd2 Be6 12. h3 a5 13. a4 Bf8 14. Rc1 Nh5 15. Be3 Ng7 16. Qc2 Bb4 17. Bh6 f5 18. Bg5 Qd7 19. Re2 Nh5 20. Rd1 Rac8 21. Nc4 fxe4 22. Nfe5 Qg7 23. Ng4 Bd5 24. Nce5 Bf8 25. Nh6+ Kh8 26. Rxe4 Be7 27. Bc1 Bd6 28. Rde1 Re7 29. R4e2 Bb4 1/2-1/2